| 000 | 00699nab a2200241 a 4500 | ||
|---|---|---|---|
| 005 | 20210219161405.0 | ||
| 008 | 991125s1985 mx 000 0 spa u | ||
| 035 | _aUPN01000184305 | ||
| 100 | 1 | _aHerrera, Marina | |
| 222 | _aREVISTA DE PSICOLOGIA SOCIAL | ||
| 245 | _aPerceived family continuity : implications for family identification and psychological well-being | ||
| 260 | _aMadrid, EspaƱa | ||
| 300 | _a387-399 | ||
| 362 | 0 | _a2011 Vol. 26, no. 3, oct. | |
| 653 | 0 | _aCONTINUIDAD FAMILIAR | |
| 653 | 0 | _aIDENTIDAD FAMILIAR | |
| 653 | 0 | _aBIENESTAR PSICOLOGICO | |
| 700 | 1 | _aSani, Fabio, | |
| 700 | 1 | _ecoaut. | |
| 700 | 1 | _aBowe, Mhairi, | |
| 700 | 1 | _ecoaut. | |
| 905 | _aArticulo | ||
| 999 |
_c156408 _d156408 |
||